Temperamentos y tipos constitucionales de los presidentes dominicanos : (Registro nro. 12901)

Detalles MARC
000 -LIDER
fixed length control field 00568nam a22001697a 4500
003 - IDENTIFICACDOR DE NÚMERO DE CONTROL
control field DO-SdBNP
005 - DATE AND TIME OF LATEST TRANSACTION
control field 20171115153333.0
008 - ELEMENTOS DE LONGITUD FIJA
fixed length control field 171115b 20uu| |||| 00| 0 spa d
040 ## - FUENTE DE CATALOGACIÓN
Agencia que crea de manera original el registro BPMSU
Idioma de catalogación spa
Agencia que realiza la transcripción BPMSU
082 ## - NÚMERO DE CLASIFICACIÓN DECIMAL DE DEWEY
Classification number xxxxx
Item number xxxxx
100 1# - ASIENTO PRINCIPAL -- NOMBRE PERSONAL
Nombre personal Fadul y Fadul, José Ernesto,
Fechas asociadas con el nombre 1949-
245 1# - MENCIÓN DE TITULO
Título Temperamentos y tipos constitucionales de los presidentes dominicanos :
Subtítulo guía para gobernar /
Mención de responsabilidad José Ernesto Fadul y Fadul
260 ## - PUBLICACIÓN, DISTRIBUCIÓN, ETC. (PIE DE IMPRENTA)
Lugar de publicación, distribución, etc [Santo Domingo] :
Nombre del editor, distribuidor, etc. [s. n.]
Fecha de publicación, distribución, etc [200-?]
300 ## - DESCRIPCIÓN FÍSICA
Extensión 266 p. :
Otros detalles físicos il. ;
Dimensiones 19 cm.
942 ## - ADDED ENTRY ELEMENTS (KOHA)
Source of classification or shelving scheme Dewey Decimal Classification
Koha item type Libros
956 ## - LOCAL ELECTRONIC LOCATION AND ACCESS (OCLC)
Nombre de host BTAVAREZ
Número de acceso 10
Información de compresión 20171115
Trayectoria 0038
Existencias
Withdrawn status Lost status Source of classification or shelving scheme Damaged status Not for loan Collection code Home library Current library Date acquired Source of acquisition Total Checkouts Full call number Barcode Date last seen Price effective from Koha item type
    Dewey Decimal Classification     Colección Dominicana Biblioteca Pública Metropolitana Salomé Ureña Biblioteca Pública Metropolitana Salomé Ureña 11/15/2017 BNPHU   xxxxx xxxxx BPMSU17110207 11/15/2017 11/15/2017 Libros